000 00454nam a22001697a 4500
003 CEME
005 20210628203607.0
008 210203b xxu||||| |||| 00| 0 eng d
040 _c.
082 _a923.2 MUR
100 _aMurtaza Anjum
_966447
245 _aSeyasi leaderoon ka kattal
260 _aLAHORE
_bISLAMIC PUBLICATIONS
_c2003
300 _a362P
650 _aINDRA GHANDI.RAJAV GHANDI.SHAH FAISAL.LIAQAT ALI KHAN.
_966448
942 _cBK
_2ddc
999 _c574420
_d574420